[Event "POL-chT 2nd League"]
[Site "Szklarska Poreba"]
[Date "2017.09.02"]
[Round "1.13"]
[White "Jurkowski, Marcin"]
[Black "Rymaszewski, Dariusz"]
[Result "1-0"]
[WhiteElo "2011"]
[BlackElo "2150"]
[PlyCount "109"]
[EventDate "2017.09.02"]
[EventType "team-swiss"]
[EventRounds "9"]
[EventCountry "POL"]
[SourceTitle "CBM 180 Extra"]
[Source "ChessBase"]
[SourceDate "2017.10.06"]
[SourceVersion "1"]
[SourceVersionDate "2017.10.06"]
[SourceQuality "1"]
[WhiteTeam "Przedwojow Debiut"]
[BlackTeam "Gostynin Gostmat 83"]
[WhiteTeamCountry "POL"]
[BlackTeamCountry "POL"]

1. d4 g6 2. c4 Bg7 3. Nc3 d6 4. e4 Nc6 5. Be3 e5 6. d5 Nce7 7. Be2 Nh6 8. Nf3 0-0 9. 0-0 f5 10. Bd2 f4 11. Ne1 g5 12. f3 Rf7 13. Kh1 Bf8 14. Nd3 Rg7 15. Rc1 Kh8 16. Nf2 Neg8 17. Na4 Nf6 18. g4 fxg3 19. hxg3 Nf7 20. Kg2 g4 21. f4 exf4 22. Bxf4 Qe8 23. Qd4 Nh5 24. Nc3 Be7 25. Be3 Bf6 26. Qd2 Ng5 27. e5 Nf3 28. Qd3 Qxe5 29. Nfe4 Bh4 30. Bxf3 gxf3+ 31. Rxf3 Bg4 32. Rf7 Bf5 33. Rxg7 Qxg7 34. Qd4 Re8 35. Qxg7+ Nxg7 36. gxh4 Bxe4+ 37. Nxe4 Rxe4 38. Kf3 Rxh4 39. Bf2 Rh6 40. Bd4 Kg8 41. Rg1 Rg6 42. Rxg6 hxg6 43. Bxa7 Kf7 44. Bb8 Ne8 45. Kf4 Kf6 46. a4 g5+ 47. Ke4 g4 48. a5 g3 49. Kf3 Ke5 50. b4 Kd4 51. b5 Kc5 52. Kxg3 Nf6 53. Bxc7 Nxd5 54. cxd5 Kxd5 55. Bb6 1-0

[Event "POL-chT3 Dolnoslaskie 1415"]
[Site "Poland"]
[Date "2015.01.11"]
[Round "5.3"]
[White "Jurkowski, Marcin"]
[Black "Czyz, Artur"]
[Result "0-1"]
[WhiteElo "1992"]
[BlackElo "1967"]
[PlyCount "70"]
[EventDate "2014.10.26"]
[EventType "team-tourn"]
[EventRounds "11"]
[EventCountry "POL"]
[SourceTitle "EXT 2018"]
[Source "ChessBase"]
[SourceDate "2017.10.13"]
[SourceVersion "1"]
[SourceVersionDate "2017.10.13"]
[SourceQuality "1"]
[WhiteTeam "Przedwojow Debiut"]
[BlackTeam "Wroclaw KS Polonia"]
[WhiteTeamCountry "POL"]
[BlackTeamCountry "POL"]

1. d4 Nf6 2. c4 d6 3. Nc3 g6 4. Nf3 Bg7 5. e4 0-0 6. Be2 e5 7. 0-0 exd4 8. Nxd4 Re8 9. f3 c6 10. Kh1 Nh5 11. f4 Qh4 12. Bxh5 Qxh5 13. Nc2 Bg4 14. Qxd6 Na6 15. Be3 Rad8 16. Qa3 Rd3 17. Rae1 Red8 18. e5 Bf8 19. Qa5 Be7 20. c5 Bh4 21. Bf2 Be7 22. Be3 Bh4 23. Bf2 Rd2 24. Bxh4 Qxh4 25. Ne4 R2d3 26. Ne3 Bf5 27. Nxf5 gxf5 28. Nd6 Rd7 29. e6 fxe6 30. Rxe6 Nc7 31. Re5 Qg4 32. Nxf5 Rd1 33. Rfe1 Qxf4 34. Qc3 Qf1+ 35. Rxf1 Rxf1# 0-1

[Event "POL-chT3 Dolnoslaskie 1314"]
[Site "Poland"]
[Date "2014.02.02"]
[Round "8.8"]
[White "Jurkowski, Marcin"]
[Black "Walasiak, Dariusz"]
[Result "0-1"]
[WhiteElo "2005"]
[BlackElo "2086"]
[PlyCount "78"]
[EventDate "2013.10.20"]
[EventType "team-tourn"]
[EventRounds "11"]
[EventCountry "POL"]
[SourceTitle "EXT 2018"]
[Source "ChessBase"]
[SourceDate "2017.10.13"]
[SourceVersion "1"]
[SourceVersionDate "2017.10.13"]
[SourceQuality "1"]
[WhiteTeam "Przedwojow Debiut"]
[BlackTeam "Goliszow LZS Mewa"]
[WhiteTeamCountry "POL"]
[BlackTeamCountry "POL"]

1. d4 g6 2. Nf3 Bg7 3. c4 d6 4. Nc3 Nf6 5. e4 0-0 6. Be2 Nbd7 7. 0-0 e5 8. d5 Nc5 9. Qc2 a5 10. Be3 b6 11. Nd2 Ng4 12. Bxg4 Bxg4 13. f3 Bd7 14. b3 f5 15. a3 f4 16. Bf2 g5 17. b4 Na6 18. Rab1 g4 19. fxg4 axb4 20. axb4 Bxg4 21. Nf3 Kh8 22. Kh1 Qe8 23. c5 bxc5 24. bxc5 Qh5 25. Bg1 Nxc5 26. Bxc5 dxc5 27. Nb5 Ra6 28. Nxc7 Rh6 29. Rb7 Rg8 30. Qb2 Bf6 31. Rb8 Rhg6 32. Rxg8+ Rxg8 33. d6 Bxf3 34. Rxf3 Qg6 35. Qc2 Bd8 36. Nb5 Bb6 37. Qb2 Qxe4 38. Rf1 c4 39. d7 Bd4 0-1

[Event "POL-chT3 Dolnoslaskie 1314"]
[Site "Poland"]
[Date "2013.10.20"]
[Round "1.9"]
[White "Jurkowski, Marcin"]
[Black "Drazek, Wladyslaw"]
[Result "1-0"]
[WhiteElo "2005"]
[BlackElo "2027"]
[PlyCount "59"]
[EventDate "2013.10.20"]
[EventType "team-tourn"]
[EventRounds "11"]
[EventCountry "POL"]
[SourceTitle "EXT 2018"]
[Source "ChessBase"]
[SourceDate "2017.10.13"]
[SourceVersion "1"]
[SourceVersionDate "2017.10.13"]
[SourceQuality "1"]
[WhiteTeam "Przedwojow Debiut"]
[BlackTeam "Polanica Zdroj KSz"]
[WhiteTeamCountry "POL"]
[BlackTeamCountry "POL"]

1. d4 e6 2. c4 Nf6 3. Nc3 Bb4 4. e3 0-0 5. Bd3 d5 6. Nge2 c5 7. 0-0 Nc6 8. a3 Bxc3 9. bxc3 b6 10. cxd5 exd5 11. Ng3 Re8 12. Ra2 c4 13. Bb1 Na5 14. f3 Bb7 15. Re2 Nb3 16. e4 Nxc1 17. Qxc1 dxe4 18. fxe4 Re6 19. Qc2 g6 20. d5 Re5 21. Qd2 Qd6 22. Qf4 Nd7 23. Qxf7+ Kh8 24. Ref2 Rae8 25. Bc2 R5e7 26. Qf4 Qc5 27. Ne2 Bxd5 28. Nd4 Bxe4 29. Qh6 Rg7 30. Rf7 1-0

[Event "Lazy Baltic Pearl op-A 06th"]
[Site "Lazy"]
[Date "2010.07.02"]
[Round "7"]
[White "Gluszko, Monika"]
[Black "Jurkowski, Marcin"]
[Result "1-0"]
[WhiteElo "2012"]
[BlackElo "1996"]
[PlyCount "79"]
[EventDate "2010.06.27"]
[EventType "swiss"]
[EventRounds "9"]
[EventCountry "POL"]
[SourceTitle "CBM 137 Extra"]
[Source "ChessBase"]
[SourceDate "2010.09.01"]
[SourceVersion "1"]
[SourceVersionDate "2010.09.01"]
[SourceQuality "1"]

1. e4 c5 2. Nf3 d6 3. d4 cxd4 4. Nxd4 Nf6 5. Nc3 a6 6. h3 e5 7. Nde2 b5 8. g4 Be6 9. Bg2 Nbd7 10. Ng3 Nb6 11. Nd5 Bxd5 12. exd5 Be7 13. 0-0 Rc8 14. b3 0-0 15. f4 exf4 16. Bxf4 Qc7 17. Nf5 Rfe8 18. Be3 Bf8 19. g5 Nfd7 20. Qf3 Qxc2 21. Rac1 Qd3 22. Rxc8 Rxc8 23. Ne7+ Bxe7 24. Qxf7+ Kh8 25. Qxe7 Qe2 26. Bf3 Qd3 27. Bxb6 Nxb6 28. Qxd6 Qe3+ 29. Kh1 Rg8 30. Qe6 Qd3 31. Bg2 Nc8 32. Rc1 Na7 33. Qxa6 Qe3 34. Rf1 Nc8 35. Qxb5 Nd6 36. Qb4 Qe5 37. Qf4 Qe7 38. Qg4 Qe5 39. Qe6 Qg3 40. Rf3 1-0

[Event "Lazy Baltic Pearl op-A 06th"]
[Site "Lazy"]
[Date "2010.06.28"]
[Round "2"]
[White "Jurkowski, Marcin"]
[Black "Mazalon, Mariusz"]
[Result "0-1"]
[WhiteElo "1996"]
[BlackElo "2093"]
[PlyCount "52"]
[EventDate "2010.06.27"]
[EventType "swiss"]
[EventRounds "9"]
[EventCountry "POL"]
[SourceTitle "CBM 137 Extra"]
[Source "ChessBase"]
[SourceDate "2010.09.01"]
[SourceVersion "1"]
[SourceVersionDate "2010.09.01"]
[SourceQuality "1"]

1. d4 Nf6 2. c4 g6 3. Nc3 Bg7 4. e4 0-0 5. e5 Ne8 6. f4 d6 7. Be3 c5 8. dxc5 Nc6 9. exd6 exd6 10. Qd2 Qa5 11. cxd6 Nxd6 12. Rd1 Bg4 13. Nf3 Rfe8 14. Kf2 Bxc3 15. Qxd6 Rad8 16. Qxd8 Rxd8 17. Rxd8+ Nxd8 18. bxc3 Qxc3 19. Be2 Nc6 20. Rb1 Bxf3 21. gxf3 Nd4 22. Rxb7 Nc2 23. Bc5 Qe1+ 24. Kg2 Qxe2+ 25. Kg3 Ne1 26. Rb8+ Kg7 0-1

[Event "Polanica Zdroj op-B 45th"]
[Site "Polanica Zdroj"]
[Date "2009.08.26"]
[Round "9"]
[White "Karcz, Bartlomiej"]
[Black "Jurkowski, Marcin"]
[Result "1/2-1/2"]
[WhiteElo "1836"]
[BlackElo "1984"]
[PlyCount "61"]
[EventDate "2009.08.18"]
[EventType "swiss"]
[EventRounds "10"]
[EventCountry "POL"]
[SourceTitle "CBM 131 Extra"]
[Source "ChessBase"]
[SourceDate "2009.09.03"]
[SourceVersion "2"]
[SourceVersionDate "2009.09.16"]
[SourceQuality "1"]

1. d4 d5 2. Nf3 Nf6 3. e3 e6 4. Be2 c5 5. 0-0 Nc6 6. b3 cxd4 7. exd4 Bd6 8. Bb2 b6 9. c4 0-0 10. Nbd2 Bb7 11. Rc1 Rc8 12. Ne5 Qe7 13. cxd5 Nxd5 14. Bb5 Nxe5 15. dxe5 Bc5 16. Qg4 Ne3 17. fxe3 Bxe3+ 18. Kh1 Bxd2 19. Rxc8 Rxc8 20. Bd3 Rd8 21. Bb1 Be3 22. Qh3 Bh6 23. Bc1 Qf8 24. Qh5 Rd4 25. Be3 Rd7 26. h3 Qa8 27. Rf2 Bxe3 28. Qxh7+ Kf8 29. Qh8+ Ke7 30. Qh4+ Kf8 31. Qh8+ 1/2-1/2

[Event "Polanica Zdroj op-B 45th"]
[Site "Polanica Zdroj"]
[Date "2009.08.25"]
[Round "8"]
[White "Jurkowski, Marcin"]
[Black "Kozera, Aleksandra"]
[Result "0-1"]
[WhiteElo "1984"]
[BlackElo "1788"]
[PlyCount "78"]
[EventDate "2009.08.18"]
[EventType "swiss"]
[EventRounds "10"]
[EventCountry "POL"]
[SourceTitle "CBM 131 Extra"]
[Source "ChessBase"]
[SourceDate "2009.09.03"]
[SourceVersion "2"]
[SourceVersionDate "2009.09.16"]
[SourceQuality "1"]

1. d4 Nf6 2. c4 g6 3. Nc3 Bg7 4. e4 d6 5. Nf3 0-0 6. Be2 e5 7. 0-0 Nc6 8. d5 Ne7 9. Ne1 Nd7 10. Be3 f5 11. f3 Nf6 12. c5 Rf7 13. a4 a5 14. Nc2 f4 15. Bf2 g5 16. Na3 Ne8 17. cxd6 Nxd6 18. Nc4 Ng6 19. Qb3 Bf8 20. Rac1 h5 21. Nxd6 Bxd6 22. Nb5 g4 23. Nxd6 cxd6 24. Qb6 Qg5 25. Kh1 g3 26. Bg1 Nh4 27. hxg3 Nxg2 28. Qf2 Ne3 29. gxf4 exf4 30. Bh2 Nxf1 31. Rxf1 Qf6 32. Rg1+ Rg7 33. Rxg7+ Kxg7 34. Qb6 Kh6 35. Bd3 Bh3 36. e5 Qxe5 37. Qxb7 Qe1+ 38. Bg1 Bg2+ 39. Kh2 Qg3# 0-1

[Event "Polanica Zdroj op-B 45th"]
[Site "Polanica Zdroj"]
[Date "2009.08.24"]
[Round "7"]
[White "Szadkowski, Kamil"]
[Black "Jurkowski, Marcin"]
[Result "1/2-1/2"]
[WhiteElo "2167"]
[BlackElo "1984"]
[PlyCount "63"]
[EventDate "2009.08.18"]
[EventType "swiss"]
[EventRounds "10"]
[EventCountry "POL"]
[SourceTitle "CBM 131 Extra"]
[Source "ChessBase"]
[SourceDate "2009.09.03"]
[SourceVersion "2"]
[SourceVersionDate "2009.09.16"]
[SourceQuality "1"]

1. e4 c5 2. Nf3 d6 3. d4 cxd4 4. Nxd4 Nf6 5. Nc3 a6 6. Bg5 Nbd7 7. Qf3 e6 8. 0-0-0 Qc7 9. Be2 Be7 10. Rhe1 h6 11. Bh4 Ne5 12. Qh3 b5 13. Bxf6 Bxf6 14. f4 b4 15. fxe5 dxe5 16. Nxe6 Bxe6 17. Nd5 Bxd5 18. Rxd5 0-0 19. Rd7 Qa5 20. Qb3 Rad8 21. Rxd8 Rxd8 22. Bc4 Rd7 23. Bd5 Qc5 24. Qa4 Rc7 25. Rf1 Kh7 26. Kb1 Qe3 27. Qxa6 Qd2 28. Qd3 Qxg2 29. Rd1 Qxh2 30. Bb3 Qg2 31. Qd6 Qe2 32. Rd2 1/2-1/2

[Event "Polanica Zdroj op-B 45th"]
[Site "Polanica Zdroj"]
[Date "2009.08.23"]
[Round "6"]
[White "Jurkowski, Marcin"]
[Black "Skawinski, Arkadiusz"]
[Result "1/2-1/2"]
[WhiteElo "1984"]
[BlackElo "2153"]
[PlyCount "46"]
[EventDate "2009.08.18"]
[EventType "swiss"]
[EventRounds "10"]
[EventCountry "POL"]
[SourceTitle "CBM 131 Extra"]
[Source "ChessBase"]
[SourceDate "2009.09.03"]
[SourceVersion "2"]
[SourceVersionDate "2009.09.16"]
[SourceQuality "1"]

1. d4 d5 2. c4 c6 3. Nf3 Nf6 4. e3 e6 5. Nc3 Nbd7 6. Qc2 a6 7. b3 b5 8. Bd3 Bb7 9. 0-0 bxc4 10. bxc4 dxc4 11. Bxc4 c5 12. Be2 Qc7 13. Bd2 cxd4 14. Nxd4 Bd6 15. h3 Rc8 16. Rfc1 0-0 17. Qd1 Bh2+ 18. Kh1 Nc5 19. Na4 Nfe4 20. Be1 Bd6 21. f3 Nf6 22. Nb3 Qe7 23. Naxc5 Bxc5 1/2-1/2

[Event "Lubawka op"]
[Site "Lubawka"]
[Date "2009.07.04"]
[Round "8"]
[White "Jurkowski, Marcin"]
[Black "Stepinski, Stanislaw"]
[Result "1-0"]
[WhiteElo "1963"]
[BlackElo "1992"]
[PlyCount "45"]
[EventDate "2009.06.29"]
[EventType "swiss"]
[EventRounds "9"]
[EventCountry "POL"]
[SourceTitle "CBM 131 Extra"]
[Source "ChessBase"]
[SourceDate "2009.09.03"]
[SourceVersion "2"]
[SourceVersionDate "2009.09.16"]
[SourceQuality "1"]

1. d4 d5 2. c4 c6 3. e3 Nf6 4. Nc3 e6 5. Nf3 Nbd7 6. Be2 dxc4 7. Bxc4 b5 8. Bd3 a6 9. 0-0 Bb7 10. Qe2 c5 11. Re1 c4 12. Bc2 Qc7 13. e4 h6 14. d5 0-0-0 15. dxe6 fxe6 16. Nd4 Nc5 17. f3 Bd6 18. g3 Be5 19. Be3 g5 20. Ncxb5 axb5 21. Nxb5 Qb6 22. Qxc4 Ba6 23. Ba4 1-0

[Event "Lubawka op"]
[Site "Lubawka"]
[Date "2009.07.03"]
[Round "7"]
[White "Jurkowski, Marcin"]
[Black "Aliavdin, Nikolai"]
[Result "1/2-1/2"]
[WhiteElo "1963"]
[BlackElo "2365"]
[PlyCount "73"]
[EventDate "2009.06.29"]
[EventType "swiss"]
[EventRounds "9"]
[EventCountry "POL"]
[SourceTitle "CBM 131 Extra"]
[Source "ChessBase"]
[SourceDate "2009.09.03"]
[SourceVersion "2"]
[SourceVersionDate "2009.09.16"]
[SourceQuality "1"]

1. Nf3 d6 2. d4 g6 3. c4 Bg7 4. Nc3 Nf6 5. e4 0-0 6. Be2 c5 7. 0-0 cxd4 8. Nxd4 Nc6 9. Nc2 Nd7 10. Rb1 Nc5 11. f3 f5 12. Be3 f4 13. Bf2 Bxc3 14. bxc3 Qa5 15. Nb4 Be6 16. Qd2 Nd7 17. Nd5 Bxd5 18. cxd5 Nd8 19. Bh4 Rf7 20. Bb5 Qc7 21. Bg5 e5 22. dxe6 Nxe6 23. Bh4 Ne5 24. Rfd1 g5 25. Qxd6 gxh4 26. Qxe6 Kh8 27. Rd5 Ng6 28. Rbd1 Raf8 29. R1d3 Rf6 30. Qd7 Qb6+ 31. Kf1 a6 32. Bc4 R6f7 33. Qd6 Qxd6 34. Rxd6 Rc7 35. Bd5 Ne5 36. Rd2 Rxc3 37. Re6 1/2-1/2

[Event "Lubawka op 2nd"]
[Site "Lubawka"]
[Date "2007.07.09"]
[Round "6"]
[White "Sokolski, Aleksander"]
[Black "Jurkowski, Marcin"]
[Result "1/2-1/2"]
[WhiteElo "1824"]
[BlackElo "1967"]
[PlyCount "95"]
[EventDate "2007.07.07"]
[EventType "swiss"]
[EventRounds "9"]
[EventCountry "POL"]
[SourceTitle "CBM 119 Extra"]
[Source "ChessBase"]
[SourceDate "2007.09.04"]
[SourceVersion "1"]
[SourceVersionDate "2007.09.04"]
[SourceQuality "1"]

1. c4 e5 2. Nc3 Nf6 3. g3 Be7 4. Bg2 0-0 5. e3 d6 6. Nge2 c6 7. d4 Be6 8. d5 Bd7 9. 0-0 c5 10. e4 Qc8 11. f4 exf4 12. Bxf4 Nh5 13. e5 Nxf4 14. gxf4 Bh3 15. Rf3 Bxg2 16. Kxg2 Nd7 17. e6 Nb6 18. exf7+ Rxf7 19. Qd3 Qf5 20. Ne4 Re8 21. N2g3 Qg4 22. Raf1 Ref8 23. Nf2 Qc8 24. Nh3 Qg4 25. b3 Nd7 26. Nf2 Qh4 27. Nh3 Rf6 28. Ne4 Rh6 29. Neg5 Bxg5 30. fxg5 Qg4+ 31. Kh1 Rh4 32. Rxf8+ Nxf8 33. Qf3 Qe4 34. Qxe4 Rxe4 35. Nf4 Nd7 36. Rf2 Kf7 37. h4 Ke7 38. h5 Ne5 39. Kg2 a6 40. Kg3 b5 41. cxb5 axb5 42. g6 hxg6 43. Nxg6+ Nxg6 44. hxg6 Ke8 45. Rf4 Rxf4 46. Kxf4 b4 47. Kf5 Ke7 48. Kg5 1/2-1/2

[Event "POL Academic Cup 2nd"]
[Site "Wroclaw"]
[Date "2007.05.04"]
[Round "9"]
[White "Buzun, Michal"]
[Black "Jurkowski, Marcin"]
[Result "1-0"]
[WhiteElo "1858"]
[BlackElo "1996"]
[PlyCount "59"]
[EventDate "2007.04.28"]
[EventType "swiss"]
[EventRounds "9"]
[EventCountry "POL"]
[SourceTitle "EXT 2011"]
[Source "ChessBase"]
[SourceDate "2010.11.26"]
[SourceVersion "1"]
[SourceVersionDate "2010.11.26"]
[SourceQuality "1"]

1. e4 c5 2. Nf3 d6 3. d4 cxd4 4. Qxd4 Nc6 5. Bb5 Bd7 6. Bxc6 Bxc6 7. Nc3 Nf6 8. Bg5 e6 9. 0-0-0 Be7 10. Qd3 Qa5 11. h4 h6 12. Bd2 Rc8 13. Nd4 a6 14. Kb1 Qc7 15. f4 d5 16. e5 Ne4 17. Nxe4 dxe4 18. Qg3 Kf8 19. f5 e3 20. Bc3 e2 21. Rd2 Bd5 22. fxe6 Bxe6 23. Nxe6+ fxe6 24. Rxe2 Qb6 25. Rf2+ Kg8 26. Rhf1 a5 27. Rf7 Bf8 28. h5 a4 29. a3 Qc6 30. Qg6 1-0

[Event "POL Academic Cup 2nd"]
[Site "Wroclaw"]
[Date "2007.05.02"]
[Round "6"]
[White "Jurkowski, Marcin"]
[Black "Ryszkiewicz, Anna"]
[Result "1-0"]
[WhiteElo "1996"]
[BlackElo "1723"]
[PlyCount "41"]
[EventDate "2007.04.28"]
[EventType "swiss"]
[EventRounds "9"]
[EventCountry "POL"]
[SourceTitle "EXT 2011"]
[Source "ChessBase"]
[SourceDate "2010.11.26"]
[SourceVersion "1"]
[SourceVersionDate "2010.11.26"]
[SourceQuality "1"]

1. Nf3 d5 2. d4 e6 3. c4 c6 4. e3 Nf6 5. Nc3 Bd6 6. Qc2 Nbd7 7. Be2 dxc4 8. Bxc4 0-0 9. 0-0 Qc7 10. e4 e5 11. h3 exd4 12. Nxd4 Ne5 13. Bb3 Ng6 14. Bg5 Nh5 15. Rad1 h6 16. Be3 Ngf4 17. Nf5 Rd8 18. Rxd6 Rxd6 19. Nb5 Ne2+ 20. Qxe2 cxb5 21. Nxd6 1-0

[Event "POL Academic Cup 2nd"]
[Site "Wroclaw"]
[Date "2007.04.29"]
[Round "2"]
[White "Jurkowski, Marcin"]
[Black "Zysko, Teresa"]
[Result "1/2-1/2"]
[WhiteElo "1996"]
[BlackElo "1704"]
[PlyCount "52"]
[EventDate "2007.04.28"]
[EventType "swiss"]
[EventRounds "9"]
[EventCountry "POL"]
[SourceTitle "EXT 2011"]
[Source "ChessBase"]
[SourceDate "2010.11.26"]
[SourceVersion "1"]
[SourceVersionDate "2010.11.26"]
[SourceQuality "1"]

1. Nf3 d5 2. b3 Nf6 3. Bb2 Bf5 4. e3 e6 5. d3 h6 6. Be2 Be7 7. 0-0 0-0 8. c4 c6 9. Nc3 Nbd7 10. Rc1 Rc8 11. h3 Bh7 12. a3 Bd6 13. b4 dxc4 14. dxc4 Ne5 15. Qb3 Qc7 16. Rfd1 Nxf3+ 17. gxf3 Rfd8 18. Kh1 Bg3 19. fxg3 Qxg3 20. Bf1 Qxf3+ 21. Bg2 Qxe3 22. Rxd8+ Rxd8 23. Rd1 Rd3 24. Rxd3 Bxd3 25. Nd1 Qe2 26. Nc3 Qe1+ 1/2-1/2

[Event "POL-chT 2nd League"]
[Site "Lublin"]
[Date "2006.09.07"]
[Round "6.93"]
[White "Kielek, Andrzej"]
[Black "Jurkowski, Marcin"]
[Result "0-1"]
[WhiteElo "2071"]
[BlackElo "2008"]
[PlyCount "62"]
[EventDate "2006.09.02"]
[EventType "team-swiss"]
[EventRounds "9"]
[EventCountry "POL"]
[SourceTitle "EXT 2019"]
[Source "ChessBase"]
[SourceDate "2018.10.10"]
[SourceVersion "1"]
[SourceVersionDate "2018.10.10"]
[SourceQuality "1"]
[WhiteTeam "Lubsko Caissa"]
[BlackTeam "Przedwojow Debiut"]
[WhiteTeamCountry "POL"]
[BlackTeamCountry "POL"]

1. e4 c5 2. Nf3 d6 3. d4 cxd4 4. Nxd4 Nf6 5. Nc3 a6 6. g3 g6 7. Bg2 Bg7 8. h3 0-0 9. Be3 Bd7 10. 0-0 Nc6 11. f4 Qb6 12. Kh2 Qxb2 13. Qd2 Na5 14. e5 dxe5 15. fxe5 Nc4 16. Qe1 Nxe5 17. Rb1 Qa3 18. Rxb7 Rac8 19. Rb3 Qd6 20. Kh1 Nc4 21. Bg1 e5 22. Nde2 Bc6 23. Qf2 Qe6 24. Re1 Qxh3+ 25. Bh2 Ng4 26. Qg1 Bxg2+ 27. Qxg2 Qxg2+ 28. Kxg2 Nge3+ 29. Kh3 Nxc2 30. Rd1 Nd4 31. Bg1 Nxb3 0-1

[Event "POL-chT 2nd League"]
[Site "Wysowa"]
[Date "2005.08.31"]
[Round "5.81"]
[White "Jurkowski, Marcin"]
[Black "Zolnierowicz, Krzysztof"]
[Result "0-1"]
[WhiteElo "2040"]
[BlackElo "2276"]
[PlyCount "36"]
[EventDate "2005.08.27"]
[EventType "team-swiss"]
[EventRounds "9"]
[EventCountry "POL"]
[SourceTitle "EXT 2019"]
[Source "ChessBase"]
[SourceDate "2018.10.10"]
[SourceVersion "1"]
[SourceVersionDate "2018.10.10"]
[SourceQuality "1"]
[WhiteTeam "Przedwojow Debiut"]
[BlackTeam "Swiecie Gambit"]
[WhiteTeamCountry "POL"]
[BlackTeamCountry "POL"]

1. Nf3 d5 2. b3 Nf6 3. Bb2 e6 4. e3 Be7 5. d3 0-0 6. Nbd2 c5 7. Ne5 Nbd7 8. f4 Nxe5 9. fxe5 Nd7 10. Qg4 Qb6 11. Be2 f6 12. Nf3 fxe5 13. Nxe5 Nxe5 14. Bxe5 Bf6 15. Qg3 Qa5+ 16. c3 Bxe5 17. Qxe5 Rf5 18. b4 Qa3 0-1